| 000 | 00998nam a2200337Ia 4500 | ||
|---|---|---|---|
| 001 | dia_6053 | ||
| 003 | CHAP | ||
| 005 | 20240612121700.0 | ||
| 008 | 220117s2011 xx 000 0 und d | ||
| 010 | _a177260 | ||
| 020 | _a978-607-400-437-3 | ||
| 040 | _cCHAP | ||
| 082 | _a808.831 B83 T46 2011 | ||
| 100 |
_aBucay, Jorge _9127777 |
||
| 245 |
_aEl temido enemigo / _c Jorge Bucay ; ilustraciones Gusti |
||
| 260 |
_aMéxico : _b Océano, _c2011 |
||
| 300 | _a1 v. (páginas no numeradas) | ||
| 440 |
_aOcéano Travesía _9160668 |
||
| 503 | _aC. | ||
| 590 | _aPZ8.B863 T46 2011 | ||
| 650 |
_aAmistad _9160669 |
||
| 650 | 0 |
_aArgentine literature _y21st century _9160670 |
|
| 650 |
_aCuentos _930096 |
||
| 650 | 0 |
_aLiteratura argentina _ySiglo XXI _9160671 |
|
| 650 |
_aStories _9152742 |
||
| 700 |
_aGusti, il. _9160672 |
||
| 901 | _a808.831 B83 T46 2011 | ||
| 902 | _aA | ||
| 905 | _a5232272011 mx a 9222223332spa16 | ||
| 942 |
_cLIBRO _2ddc |
||
| 999 |
_c177260 _d177260 |
||